[Event "Scarborough CC Falling Leaves U2000"]
[Site "Toronto CAN"]
[Date "2010.11.11"]
[Round "3"]
[White "Kurkowski, Ken"]
[Black "Posaratnanathan, Juliaan"]
[Result "0-1"]
[WhiteElo "1640"]
[BlackElo "1867"]
[PlyCount "61"]
[EventDate "2010.10.28"]
[EventType "swiss"]
[EventRounds "7"]
[EventCountry "CAN"]

1. e4 c5 2. Nc3 Nc6 3. f4 g6 4. Nf3 Bg7 5. Bb5 Nd4 6. O-O Nxb5 7. Nxb5 d6 8. d3
a6 9. Nc3 b5 10. Qe1 Bb7 11. Rb1 Nf6 12. Bd2 O-O 13. Qh4 Rc8 14. f5 b4 15. Ne2
c4 16. fxg6 fxg6 17. Ng5 Qd7 18. Rxf6 Rxf6 19. Qxh7+ Kf8 20. Qh4 Ke8 21. Bxb4
cxd3 22. cxd3 e5 23. Nc3 Qc7 24. Ba3 Qb6+ 25. Kh1 Rxc3 26. Rd1 Rxd3 27. Qg4 Qf2
28. h3 Rxd1+ 29. Qxd1 Qf1+ 30. Qxf1 Rxf1+ 31. Kh2 0-1

[Event "Scarborough CC Falling Leaves U2000"]
[Site "Toronto CAN"]
[Date "2010.11.11"]
[Round "3"]
[White "Maister, Martin"]
[Black "Gaffney, Kevin"]
[Result "1-0"]
[WhiteElo "1827"]
[BlackElo "1662"]
[PlyCount "57"]
[EventDate "2010.10.28"]
[EventType "swiss"]
[EventRounds "7"]
[EventCountry "CAN"]

1. c4 e6 2. Nf3 d5 3. d4 Nf6 4. Nc3 Be7 5. Bg5 h6 6. Bh4 O-O 7. e3 b6 8. cxd5
Nxd5 9. Bxe7 Qxe7 10. Nxd5 exd5 11. Rc1 Be6 12. Bd3 c5 13. O-O Rc8 14. e4 Nd7
15. exd5 Bxd5 16. dxc5 Nxc5 17. Bb1 Qb7 18. b4 Ne4 19. Qd3 Rd8 20. Qe3 Re8 21.
Qf4 Rac8 22. Rxc8 Rxc8 23. Re1 Nc3 24. Bf5 Rd8 25. Qe5 g6 26. Qxc3 gxf5 27. Qf6
Rc8 28. Nh4 Qd7 29. Nxf5 1-0

[Event "Scarborough CC Falling Leaves U2000"]
[Site "Toronto CAN"]
[Date "2010.11.11"]
[Round "3"]
[White "Manalo, Pepin"]
[Black "Morra, Lui"]
[Result "1/2-1/2"]
[WhiteElo "1840"]
[BlackElo "1601"]
[PlyCount "106"]
[EventDate "2010.10.28"]
[EventType "swiss"]
[EventRounds "7"]
[EventCountry "CAN"]

1. e4 c5 2. Nf3 e6 3. c4 Nc6 4. d4 cxd4 5. Nxd4 a6 6. Nc3 Qc7 7. Be3 Nf6 8. Be2
Be7 9. f4 d6 10. O-O Bd7 11. Nb3 O-O 12. Qe1 b6 13. Rc1 Qb7 14. Bf3 Rac8 15.
Qg3 Qb8 16. Rfd1 b5 17. c5 Ne8 18. Rd2 Qa7 19. Qf2 Qc7 20. Rcd1 Rd8 21. cxd6
Nxd6 22. Bb6 Qb7 23. Bxd8 Rxd8 24. Nc5 Qc7 25. e5 Nc4 26. Rxd7 Rxd7 27. Nxd7 f6
28. exf6 Bd6 29. f7+ Kxf7 30. Ne5+ N6xe5 31. Rxd6 Qxd6 32. fxe5 Qxe5 33. Bh5+
Ke7 34. Qf7+ Kd6 35. Qf8+ Kc7 36. Qe7+ Kb6 37. Qd8+ Kc5 38. Qf8+ Kb6 39. Qf2+
Ka5 40. Bf3 Nxb2 41. Ne4 Nc4 42. g3 Qa1+ 43. Kg2 Qb2 44. Qxb2 Nxb2 45. Ng5 Kb4
46. Be4 Ka3 47. Bb1 b4 48. Nxe6 Nc4 49. Bd3 Ne5 50. Bxa6 Kxa2 51. Nc5 b3 52.
Nd3 b2 53. Nxb2 Kxb2 1/2-1/2

[Event "Scarborough CC Falling Leaves U2000"]
[Site "Toronto CAN"]
[Date "2010.11.11"]
[Round "3"]
[White "Marcille, Gord"]
[Black "Zotkin, Daniel"]
[Result "0-1"]
[WhiteElo "1752"]
[BlackElo "1708"]
[PlyCount "44"]
[EventDate "2010.10.28"]
[EventType "swiss"]
[EventRounds "7"]
[EventCountry "CAN"]

1. e4 c5 2. Nf3 Nc6 3. d4 cxd4 4. Nxd4 g6 5. Nc3 Bg7 6. Be3 Nf6 7. f3 O-O 8.
Qd2 d5 9. O-O-O dxe4 10. Bb5 Nxd4 11. Bxd4 exf3 12. gxf3 a6 13. Ba4 b5 14. Bb3
Bb7 15. Qf2 Bh6+ 16. Kb1 Qc7 17. Rhg1 b4 18. Na4 Qf4 19. Rd3 Qf5 20. Re1 Rfe8
21. Re5 Qf4 22. Nc5 Qc1# 0-1

[Event "Scarborough CC Falling Leaves U2000"]
[Site "Toronto CAN"]
[Date "2010.11.11"]
[Round "3"]
[White "Mesiti, Silvano"]
[Black "Bellissimo, Joseph"]
[Result "0-1"]
[WhiteElo "1682"]
[BlackElo "1890"]
[PlyCount "85"]
[EventDate "2010.10.28"]
[EventType "swiss"]
[EventRounds "7"]
[EventCountry "CAN"]

1. e4 e5 2. Nf3 Nf6 3. Nc3 Nc6 4. Bc4 Nxe4 5. Nxe4 d5 6. Bxd5 Qxd5 7. Nc3 Qd8
8. d3 Be7 9. O-O O-O 10. Nd2 Be6 11. Nde4 f5 12. Ng3 Qd7 13. b3 Nd4 14. Bb2 f4
15. Nge4 f3 16. gxf3 Nxf3+ 17. Kh1 Bh3 18. Rg1 Nxg1 19. Qxg1 Qf5 20. Qg3 Bh4
21. Qe3 Bxf2 22. Nxf2 Qxf2 23. Qxh3 Qxc2 24. Nd1 Rad8 25. Bxe5 Rxd3 26. Qe6+
Kh8 27. Bxg7+ Kxg7 28. Qe7+ Rf7 29. Qe5+ Kf8 30. Qh8+ Ke7 31. Qe5+ Kd7 32. Ne3
Qc3 33. Ng4 Qc6+ 34. Kg1 Rd5 35. Qe2 Qe6 36. Qg2 Rg7 37. h3 h5 38. Qb2 Qe3+ 39.
Kh1 Qxh3+ 40. Nh2 Qg3 41. Rc1 Qg5 42. Nf3 Qg4 43. Kh2 0-1

[Event "Scarborough CC Falling Leaves U2000"]
[Site "Toronto CAN"]
[Date "2010.11.11"]
[Round "3"]
[White "Song, Lin"]
[Black "Yusuf, Magas"]
[Result "0-1"]
[WhiteElo "1677"]
[BlackElo "1885"]
[PlyCount "58"]
[EventDate "2010.10.28"]
[EventType "swiss"]
[EventRounds "7"]
[EventCountry "CAN"]

1. e4 e5 2. Nf3 Nf6 3. Nc3 Nc6 4. g3 Bc5 5. Bg2 d6 6. d3 d5 7. exd5 Nxd5 8.
Nxd5 Qxd5 9. O-O O-O 10. h3 Qd6 11. Nd2 f5 12. Nc4 Qg6 13. Kh2 Re8 14. f4 Bd7
15. fxe5 b5 16. Na3 Bxa3 17. bxa3 Rad8 18. d4 Bc8 19. c3 Nxe5 20. Qb3+ Be6 21.
Qxb5 Bc4 22. Qb7 Bxf1 23. Bxf1 Rb8 24. Qd5+ Nf7 25. Bf4 Rb2+ 26. Kh1 c6 27. Qd7
Nd8 28. Qxa7 Qh5 29. g4 fxg4 0-1

[Event "Scarborough CC Falling Leaves U2000"]
[Site "Toronto CAN"]
[Date "2010.11.11"]
[Round "3"]
[White "Stavropoulos, Greg"]
[Black "Triefeldt, Jack"]
[Result "1/2-1/2"]
[WhiteElo "1960"]
[BlackElo "1805"]
[PlyCount "48"]
[EventDate "2010.10.28"]
[EventType "swiss"]
[EventRounds "7"]
[EventCountry "CAN"]

1. c4 c5 2. Nc3 Nc6 3. Nf3 Nf6 4. g3 g6 5. Bg2 Bg7 6. O-O O-O 7. d4 cxd4 8.
Nxd4 e5 9. Nc2 a6 10. b3 Qa5 11. Bb2 Rd8 12. Nd5 Nxd5 13. cxd5 Ne7 14. e4 d6
15. Ne3 b5 16. Kh1 Bd7 17. f4 f6 18. Rf2 Rac8 19. a3 Qb6 20. Qd3 Bh6 21. Re1
Rf8 22. h3 Qa5 23. b4 Qb6 24. Bc3 Kh8 1/2-1/2

[Event "Scarborough CC Falling Leaves U2000"]
[Site "Toronto CAN"]
[Date "2010.11.11"]
[Round "3"]
[White "Wiebe, Daniel"]
[Black "Huston, Scott"]
[Result "1-0"]
[WhiteElo "1853"]
[BlackElo "1719"]
[PlyCount "53"]
[EventDate "2010.10.28"]
[EventType "swiss"]
[EventRounds "7"]
[EventCountry "CAN"]

1. e4 c5 2. Nf3 d6 3. d4 cxd4 4. Nxd4 Nf6 5. Nc3 a6 6. Bc4 b5 7. Bb3 Bb7 8. O-O
e5 9. Nf3 Nxe4 10. Nxe4 Bxe4 11. Ng5 Bg6 12. Nxf7 Bxf7 13. Bxf7+ Kd7 14. Be3
Nc6 15. f4 Be7 16. c4 exf4 17. Bxf4 g5 18. Be3 Ne5 19. Bd5 Rc8 20. cxb5 axb5
21. Bd4 Rf8 22. Rxf8 Qxf8 23. Bxe5 dxe5 24. Bb7+ Kc7 25. Bxc8 Kxc8 26. Rc1+ Kb8
27. Qd5 1-0

[Event "Scarborough CC Falling Leaves U2000"]
[Site "Toronto CAN"]
[Date "2010.11.18"]
[Round "4"]
[White "Gaffney, Kevin"]
[Black "Cale, Ferdinand"]
[Result "0-1"]
[WhiteElo "1662"]
[BlackElo "1841"]
[PlyCount "75"]
[EventDate "2010.10.28"]
[EventType "swiss"]
[EventRounds "7"]
[EventCountry "CAN"]

1. e4 d5 2. exd5 Qxd5 3. Nf3 Bg4 4. Be2 Nf6 5. h3 Bh5 6. O-O e6 7. d4 c6 8. c4
Qd8 9. Nc3 Bb4 10. Bg5 h6 11. Be3 Bxc3 12. bxc3 Ne4 13. Qb3 b6 14. Rfe1 O-O 15.
Rad1 Qe7 16. Bc1 Nf6 17. Ba3 c5 18. d5 Nbd7 19. Nd4 Bxe2 20. Rxe2 Qe8 21. Nc6
e5 22. Rde1 e4 23. Bc1 Ne5 24. Rxe4 Nxe4 25. Rxe4 f6 26. f4 Qf7 27. fxe5 fxe5
28. Be3 Qf1+ 29. Kh2 Rae8 30. Qc2 Rf5 31. Qc1 Qd3 32. Rg4 Kh7 33. d6 Rf1 34. d7
Ref8 35. Rxg7+ Kxg7 36. Bxh6+ Kh7 37. Nxe5 Rd8 38. Qe3 0-1

[Event "Scarborough CC Falling Leaves U2000"]
[Site "Toronto CAN"]
[Date "2010.11.18"]
[Round "4"]
[White "Morra, Lui"]
[Black "Paterson, Jim"]
[Result "1-0"]
[WhiteElo "1691"]
[BlackElo "1857"]
[PlyCount "83"]
[EventDate "2010.10.28"]
[EventType "swiss"]
[EventRounds "7"]
[EventCountry "CAN"]

1. e4 Nf6 2. e5 Nd5 3. c4 Nb6 4. d4 d6 5. exd6 cxd6 6. Nf3 Bf5 7. Be2 e6 8. Nc3
Be7 9. O-O O-O 10. a4 a5 11. Bf4 Na6 12. Nb5 Rc8 13. Rc1 Na8 14. Qd2 b6 15. Ne1
Qd7 16. Nd3 Rfd8 17. Bf3 Bxd3 18. Qxd3 Nb4 19. Qb3 d5 20. Rfd1 dxc4 21. Rxc4
Rxc4 22. Qxc4 Nd5 23. Be5 Rc8 24. Qb3 Bb4 25. Be4 Nac7 26. Nxc7 Nxc7 27. Qh3 g6
28. Rd3 Nd5 29. Qxh7+ Kf8 30. h4 Rc1+ 31. Kh2 Ke8 32. Bxd5 Qxd5 33. Rf3 Qd7 34.
Bf6 Bd6+ 35. g3 Qb7 36. Qg8+ Bf8 37. Kg2 Rd1 38. Bg7 Qe7 39. Rc3 Qb7+ 40. f3
Rd2+ 41. Kh3 Qe7 42. Bxf8 1-0

[Event "Scarborough CC Falling Leaves U2000"]
[Site "Toronto CAN"]
[Date "2010.11.18"]
[Round "4"]
[White "Posaratnanathan, Juliaan"]
[Black "Armstrong, Robert J"]
[Result "1-0"]
[WhiteElo "1867"]
[BlackElo "1794"]
[PlyCount "89"]
[EventDate "2010.10.28"]
[EventType "swiss"]
[EventRounds "7"]
[EventCountry "CAN"]

1. e4 g6 2. d4 Bg7 3. Nf3 d6 4. Be2 Nf6 5. Nc3 O-O 6. O-O Nc6 7. h3 e5 8. dxe5
dxe5 9. Bg5 Qe8 10. Bb5 Bd7 11. Bxf6 Bxf6 12. Nd5 Bd8 13. Qd2 a6 14. Ba4 Kg7
15. Rad1 Rc8 16. Nb6 cxb6 17. Qxd7 Rc7 18. Qxe8 Rxe8 19. Bxc6 Rxc6 20. c3 b5
21. Rd7 b6 22. Rfd1 Bc7 23. R1d5 h6 24. Ne1 Kf6 25. Nc2 Re7 26. Nb4 Rxd7 27.
Rxd7 Ke6 28. Rxf7 Kxf7 29. Nxc6 Ke6 30. Nb4 a5 31. Nd5 Bd8 32. Kf1 Kd6 33. Ke2
Kc5 34. Kd3 Kd6 35. f4 exf4 36. Nxf4 g5 37. Nd5 h5 38. Kd4 g4 39. e5+ Ke6 40.
hxg4 hxg4 41. Ke4 Bg5 42. Nxb6 Bc1 43. b3 Bb2 44. Nd5 a4 45. Nc7+ 1-0

[Event "Scarborough CC Falling Leaves U2000"]
[Site "Toronto CAN"]
[Date "2010.11.18"]
[Round "4"]
[White "Rapoport, Alexander"]
[Black "Moran-Venegas, Mario"]
[Result "1-0"]
[WhiteElo "1886"]
[BlackElo "1680"]
[PlyCount "81"]
[EventDate "2010.10.28"]
[EventType "swiss"]
[EventRounds "7"]
[EventCountry "CAN"]

1. d4 Nf6 2. Nf3 g6 3. e3 Bg7 4. c3 O-O 5. Nbd2 d5 6. Bd3 Nbd7 7. O-O e5 8.
Nxe5 Nxe5 9. dxe5 Ng4 10. Nf3 Nxe5 11. Nxe5 Bxe5 12. f4 Bg7 13. e4 dxe4 14.
Bxe4 Qxd1 15. Rxd1 Re8 16. Bf3 c6 17. Kf2 Be6 18. Be3 a6 19. Bb6 Bf6 20. h3 Bd8
21. Bc5 Bc7 22. g3 Rad8 23. Bg4 Bxg4 24. hxg4 b6 25. Bd4 c5 26. Bf6 Rd6 27. g5
Rde6 28. Rh1 Re2+ 29. Kf3 R8e3+ 30. Kg4 Rxb2 31. Rxh7 Rxg3+ 32. Kxg3 Bxf4+ 33.
Kxf4 Rf2+ 34. Kg4 Rxf6 35. Rah1 Rf4+ 36. Kxf4 Kf8 37. Ke5 Ke7 38. Rf1 Ke8 39.
Rfxf7 c4 40. Kf6 a5 41. Rh8# 1-0

[Event "Scarborough CC Falling Leaves U2000"]
[Site "Toronto CAN"]
[Date "2010.11.18"]
[Round "4"]
[White "Su, Stanley"]
[Black "Manalo, Pepin"]
[Result "1/2-1/2"]
[WhiteElo "1807"]
[BlackElo "1840"]
[PlyCount "75"]
[EventDate "2010.10.28"]
[EventType "swiss"]
[EventRounds "7"]
[EventCountry "CAN"]

1. e4 g6 2. d4 Bg7 3. f4 d5 4. e5 Nh6 5. Nf3 c5 6. c3 cxd4 7. cxd4 Nc6 8. Na3
Qb6 9. Nc2 Bg4 10. Be2 Rc8 11. O-O O-O 12. b3 Bf5 13. Ne3 Rfd8 14. Ba3 e6 15.
Qd2 Be4 16. Bc5 Qc7 17. Ng5 Bf8 18. Bxf8 Rxf8 19. Bf3 Bxf3 20. Rxf3 Kg7 21. Rh3
Rh8 22. Rc1 Qb6 23. Rxh6 Kxh6 24. Nxf7+ Kg7 25. Nxh8 Rxh8 26. Rd1 h5 27. Nc2
Rf8 28. Ne1 Rc8 29. Nf3 Nb4 30. a3 Nc6 31. b4 a5 32. Ng5 Rf8 33. bxa5 Nxa5 34.
Qd3 Nc4 35. Rb1 Qc6 36. Nf3 Ra8 37. Nh4 Qe8 38. Rxb7+ 1/2-1/2

[Event "Scarborough CC Falling Leaves U2000"]
[Site "Toronto CAN"]
[Date "2010.11.18"]
[Round "4"]
[White "Triefeldt, Jack"]
[Black "Wiebe, Daniel"]
[Result "0-1"]
[WhiteElo "1805"]
[BlackElo "1853"]
[PlyCount "78"]
[EventDate "2010.10.28"]
[EventType "swiss"]
[EventRounds "7"]
[EventCountry "CAN"]

1. d4 Nf6 2. Nf3 g6 3. e3 d5 4. Bd3 Bg7 5. Nbd2 O-O 6. Ne5 Nbd7 7. f4 c5 8. b3
a6 9. a4 Qc7 10. O-O cxd4 11. exd4 Qc3 12. Rb1 Qxd4+ 13. Kh1 Nxe5 14. Bb2 Qc5
15. fxe5 Ng4 16. Qe2 d4 17. Rf4 Nxe5 18. Bxd4 Qc7 19. Re4 Nxd3 20. Bxg7 Kxg7
21. cxd3 Be6 22. Nc4 b5 23. axb5 axb5 24. Qb2+ Kg8 25. Ne3 Rfd8 26. Rd1 Rac8
27. Ng4 Bxg4 28. Rxg4 Rxd3 29. Rb1 Rc3 30. h3 h5 31. Rg5 Qf4 32. Rd5 Rxh3+ 33.
gxh3 Qe4+ 34. Kh2 Qxd5 35. Re1 Qf5 36. Re2 Qf4+ 37. Kg2 Rc5 38. Rf2 Qg5+ 39.
Kh1 Rc1+ 0-1

[Event "Scarborough CC Falling Leaves U2000"]
[Site "Toronto CAN"]
[Date "2010.11.18"]
[Round "4"]
[White "Ugodnikov, Arkadiy"]
[Black "Stavropoulos, Greg"]
[Result "1/2-1/2"]
[WhiteElo "1866"]
[BlackElo "1960"]
[PlyCount "69"]
[EventDate "2010.10.28"]
[EventType "swiss"]
[EventRounds "7"]
[EventCountry "CAN"]

1. e4 c5 2. Nf3 e6 3. c3 d5 4. Bb5+ Bd7 5. Bxd7+ Qxd7 6. e5 Ne7 7. O-O Nbc6 8.
d4 Ng6 9. Be3 Be7 10. Qe2 O-O 11. a3 Rfc8 12. Nbd2 cxd4 13. cxd4 Na5 14. Rac1
b5 15. Ng5 h6 16. Nh3 Nc4 17. Nxc4 Rxc4 18. Rxc4 bxc4 19. Rc1 Rb8 20. Nf4 Nxf4
21. Bxf4 Qb5 22. Rc2 Qb3 23. h3 Qb6 24. Qd2 Qd8 25. Rc3 Bg5 26. Bxg5 Qxg5 27.
Qxg5 hxg5 28. Rc2 Rb3 29. Rd2 c3 30. bxc3 Rxc3 31. Kf1 Rxa3 32. Ke2 Kh7 33. Rb2
Kg6 34. Rb7 f6 35. Re7 1/2-1/2

[Event "Scarborough CC Falling Leaves U2000"]
[Site "Toronto CAN"]
[Date "2010.11.18"]
[Round "4"]
[White "Verde, Pino"]
[Black "Radpey, Abdolreza"]
[Result "0-1"]
[WhiteElo "1708"]
[BlackElo "1610"]
[PlyCount "106"]
[EventDate "2010.10.28"]
[EventType "swiss"]
[EventRounds "7"]
[EventCountry "CAN"]

1. Nf3 c5 2. e4 Nc6 3. Bc4 e5 4. c3 Be7 5. O-O Nf6 6. d3 O-O 7. a3 d6 8. Ng5 h6
9. Nf3 Be6 10. Nbd2 a6 11. Ba2 b5 12. Re1 Bxa2 13. Rxa2 Nh7 14. Nf1 f5 15. Qb3+
Kh8 16. Qd5 Qc8 17. Qb3 f4 18. h3 g5 19. d4 c4 20. Qd1 g4 21. hxg4 Qxg4 22.
N1h2 Qg7 23. Kh1 Rg8 24. Rg1 Raf8 25. d5 Nd8 26. a4 Nb7 27. axb5 axb5 28. b4
cxb3 29. Qxb3 Nc5 30. Qb1 Ng5 31. Re2 Nxf3 32. Nxf3 Qg4 33. Qc2 Qh5+ 34. Nh2 f3
35. gxf3 Rxg1+ 36. Kxg1 Qh3 37. Ng4 Rg8 38. Re3 h5 39. Qd2 hxg4 40. f4 Qh5 41.
Bb2 exf4 42. c4+ Kh7 43. Ra3 f3 44. Qf4 Rf8 45. Qh2 Qxh2+ 46. Kxh2 bxc4 47. Ra7
Rf7 48. e5 Kg6 49. Ra8 dxe5 50. Bxe5 Kf5 51. Bg3 Ne4 52. Ra5 Bd6 53. Bxd6 Nxd6
0-1

[Event "Scarborough CC Falling Leaves U2000"]
[Site "Toronto CAN"]
[Date "2010.11.18"]
[Round "4"]
[White "Xie, Peter"]
[Black "Bao, Stephen"]
[Result "0-1"]
[WhiteElo "1637"]
[BlackElo "1783"]
[PlyCount "119"]
[EventDate "2010.10.28"]
[EventType "swiss"]
[EventRounds "7"]
[EventCountry "CAN"]

1. e4 c6 2. d4 d5 3. e5 Bf5 4. Nf3 e6 5. Be2 c5 6. O-O Nc6 7. c3 a6 8. a4 cxd4
9. Nxd4 Nxd4 10. Qxd4 Rc8 11. b4 Qc7 12. Bb2 Ne7 13. f4 Nc6 14. Qe3 d4 15. cxd4
Nxb4 16. Na3 Nd5 17. Qb3 Be7 18. Rac1 Qd7 19. Nc4 O-O 20. Ba3 Bxa3 21. Qxa3 Rc6
22. Nd6 Rxc1 23. Rxc1 Nxf4 24. Bc4 Bg6 25. Qf3 Nd5 26. Bxd5 exd5 27. Qxd5 Qxa4
28. e6 fxe6 29. Qxe6+ Kh8 30. Qe5 Qa2 31. Rf1 Rxf1+ 32. Kxf1 Bd3+ 33. Ke1 Qb1+
34. Kf2 Qf1+ 35. Kg3 Bg6 36. h3 b5 37. Qc5 Qf8 38. Qb6 h5 39. Nxb5 h4+ 40. Kh2
Qf4+ 41. Kg1 Qe3+ 42. Kh2 axb5 43. Qxg6 b4 44. Qh5+ Kg8 45. Qd5+ Kh7 46. Qh5+
Qh6 47. Qd1 Qd6+ 48. Kh1 g6 49. Qd2 b3 50. Qc3 Qe6 51. Qc7+ Kh8 52. Qb8+ Kg7
53. Qb7+ Qf7 54. Qb4 Kf6 55. Qb5 Qe6 56. Qf1+ Ke7 57. Qb5 Qe1+ 58. Kh2 Qg3+ 59.
Kh1 Kf6 60. Qb6+ 0-1

[Event "Scarborough CC Falling Leaves U2000"]
[Site "Toronto CAN"]
[Date "2010.11.18"]
[Round "4"]
[White "Yusuf, Magas"]
[Black "Rutherdale, William"]
[Result "1-0"]
[WhiteElo "1885"]
[BlackElo "1703"]
[PlyCount "68"]
[EventDate "2010.10.28"]
[EventType "swiss"]
[EventRounds "7"]
[EventCountry "CAN"]

1. d4 d5 2. Nf3 Nf6 3. c4 c6 4. Nc3 e6 5. g3 Bd6 6. cxd5 exd5 7. Bg2 O-O 8. O-O
Bf5 9. Nh4 Bg4 10. Qd3 Nbd7 11. f3 Be6 12. Nf5 Bc7 13. e4 dxe4 14. fxe4 Nb6 15.
b3 a5 16. Ba3 Re8 17. Ne3 Ng4 18. Nxg4 Bxg4 19. d5 Be5 20. Bc5 cxd5 21. exd5
Bxc3 22. Qxc3 Nxd5 23. Qc4 Nf6 24. Bd4 Be2 25. Qc3 Bxf1 26. Rxf1 Nd5 27. Qf3
Nf6 28. Bxf6 Qxf6 29. Qxb7 Qe6 30. Bd5 Qe3+ 31. Kh1 Reb8 32. Qxf7+ Kh8 33. Bxa8
Qe8 34. Bd5 Rd8 1-0

[Event "Scarborough CC Falling Leaves U2000"]
[Site "Toronto CAN"]
[Date "2010.11.18"]
[Round "4"]
[White "Zhou, Kevin"]
[Black "Maister, Martin"]
[Result "1-0"]
[WhiteElo "1877"]
[BlackElo "1827"]
[PlyCount "69"]
[EventDate "2010.10.28"]
[EventType "swiss"]
[EventRounds "7"]
[EventCountry "CAN"]

1. e4 c5 2. Nf3 d6 3. d4 cxd4 4. Nxd4 Nf6 5. Nc3 a6 6. Be2 e6 7. O-O Nc6 8. a4
Be7 9. Be3 d5 10. exd5 Nxd5 11. Nxd5 Qxd5 12. Bf3 Qd7 13. Nxc6 bxc6 14. a5 O-O
15. Qxd7 Bxd7 16. Rfd1 Bc8 17. Bxc6 Rb8 18. Bb6 Bb7 19. Bxb7 Rxb7 20. c4 Rc8
21. Rac1 g6 22. c5 Rc6 23. b4 f5 24. b5 axb5 25. a6 Rb8 26. a7 Ra8 27. Rd7 Bg5
28. Rcd1 Rcc8 29. Rb1 e5 30. Rxb5 e4 31. g3 Re8 32. c6 h5 33. c7 h4 34. Bd4 f4
35. Rxg5 1-0

[Event "Scarborough CC Falling Leaves U2000"]
[Site "Toronto CAN"]
[Date "2010.11.18"]
[Round "4"]
[White "Zotkin, Daniel"]
[Black "Bellomo, Joe"]
[Result "1/2-1/2"]
[WhiteElo "1708"]
[BlackElo "1719"]
[PlyCount "69"]
[EventDate "2010.10.28"]
[EventType "swiss"]
[EventRounds "7"]
[EventCountry "CAN"]

1. e4 c5 2. Nf3 d6 3. d4 cxd4 4. Nxd4 Nf6 5. Nc3 a6 6. Bg5 e6 7. f4 Be7 8. Qd2
h6 9. Bxf6 Bxf6 10. O-O-O Qc7 11. Kb1 O-O 12. g4 b5 13. g5 hxg5 14. fxg5 Be5
15. a3 Bb7 16. g6 Bxd4 17. Qxd4 fxg6 18. Qxd6 Qxd6 19. Rxd6 Rf6 20. Bh3 Nc6 21.
Bxe6+ Kh7 22. Nd5 Rf2 23. Nb6 Raf8 24. Rd7 Na5 25. Re1 Bc6 26. Rc7 R2f6 27. Bd5
Be8 28. e5 Rxb6 29. e6 Rb8 30. e7 Rf5 31. Rd1 Nc4 32. Bxc4 bxc4 33. Rd8 Re5 34.
Rcc8 Rxb2+ 35. Kc1 1/2-1/2

[Event "Scarborough CC Falling Leaves U2000"]
[Site "Toronto CAN"]
[Date "2010.11.25"]
[Round "5"]
[White "Armstrong, Robert J"]
[Black "Song, Lin"]
[Result "1/2-1/2"]
[WhiteElo "1794"]
[BlackElo "1677"]
[PlyCount "87"]
[EventDate "2010.10.28"]
[EventType "swiss"]
[EventRounds "7"]
[EventCountry "CAN"]

1. d4 Nf6 2. c4 g6 3. Nc3 Bg7 4. e4 d6 5. f3 O-O 6. Be3 Nc6 7. Nge2 e5 8. d5
Ne7 9. g4 c5 10. Qd2 Bd7 11. Bh6 Nc8 12. h4 Nb6 13. Ng3 Qe7 14. h5 Rfe8 15.
Bxg7 Kxg7 16. hxg6 fxg6 17. Qh6+ Kh8 18. g5 Ng8 19. Qxg6 Rf8 20. Be2 Be8 21.
Qe6 Qxg5 22. Nf5 Rf6 23. f4 exf4 24. Qxf6+ Qxf6 25. O-O-O Bd7 26. Bg4 Nxc4 27.
Rh5 Bxf5 28. Bxf5 h6 29. Rdh1 Ne3 30. Be6 Kg7 31. Rg1+ Kh7 32. Bf5+ Nxf5 33.
Rxf5 Qd4 34. Rf7+ Kh8 35. Rg6 Qe3+ 36. Kc2 Qd4 37. Rxd6 c4 38. Rdd7 Qd3+ 39.
Kc1 Qe3+ 40. Kc2 Qd3+ 41. Kc1 Qf1+ 42. Kc2 Qg2+ 43. Kc1 Qg6 44. e5 1/2-1/2

[Event "Scarborough CC Falling Leaves U2000"]
[Site "Toronto CAN"]
[Date "2010.11.25"]
[Round "5"]
[White "Bao, Stephen"]
[Black "Gaffney, Kevin"]
[Result "1-0"]
[WhiteElo "1783"]
[BlackElo "1662"]
[PlyCount "93"]
[EventDate "2010.10.28"]
[EventType "swiss"]
[EventRounds "7"]
[EventCountry "CAN"]

1. d4 d5 2. c4 e6 3. Nf3 Nf6 4. Nc3 Be7 5. Bg5 h6 6. Bh4 O-O 7. e3 b6 8. cxd5
Nxd5 9. Bxe7 Qxe7 10. Rc1 Bb7 11. Be2 Rc8 12. O-O Nd7 13. Qa4 c5 14. Bb5 Nxc3
15. Rxc3 Bxf3 16. gxf3 Nb8 17. Bd3 a6 18. Rfc1 b5 19. Qd1 c4 20. Be4 Ra7 21. f4
Rac7 22. b3 b4 23. Rxc4 a5 24. R1c2 Rxc4 25. Rxc4 Rxc4 26. bxc4 Qc7 27. c5 Nd7
28. Qa4 Nf6 29. Bf3 Kf8 30. Qb5 Kg8 31. c6 Ne8 32. Qa6 Kf8 33. Kf1 Ke7 34. Ke2
Kd6 35. e4 Ke7 36. e5 Qd8 37. Qb7+ Qc7 38. Kd3 Kd8 39. d5 exd5 40. Bxd5 f6 41.
Kd4 Qxb7 42. cxb7 Kc7 43. e6 Nd6 44. Kc5 Nf5 45. Kb5 Ne7 46. Bf3 Nf5 47. Kxa5
1-0

[Event "Scarborough CC Falling Leaves U2000"]
[Site "Toronto CAN"]
[Date "2010.11.25"]
[Round "5"]
[White "Bellomo, Joe"]
[Black "Gillis, Doug"]
[Result "1-0"]
[WhiteElo "1719"]
[BlackElo "1622"]
[PlyCount "79"]
[EventDate "2010.10.28"]
[EventType "swiss"]
[EventRounds "7"]
[EventCountry "CAN"]

1. c4 Nf6 2. Nc3 e6 3. Nf3 Bb4 4. a3 Bxc3 5. bxc3 Nc6 6. Qc2 O-O 7. e4 d6 8.
Bb2 e5 9. Be2 Ne8 10. O-O f5 11. Rad1 fxe4 12. Qxe4 Bf5 13. Qd5+ Kh8 14. Qb5
Bd7 15. Qb3 Na5 16. Qc2 Bf5 17. Qa4 c5 18. d4 Bd7 19. Qc2 exd4 20. cxd4 Rc8 21.
d5 Bf5 22. Qc3 Qb6 23. Nd2 Qc7 24. Rde1 b6 25. Bh5 Nf6 26. Bf3 Rce8 27. Rxe8
Rxe8 28. h3 Qf7 29. Bd1 Qg6 30. Ba4 Re7 31. Kh2 Ne4 32. Nxe4 Bxe4 33. f3 Bd3
34. Re1 Rxe1 35. Qxe1 Nxc4 36. Qe7 h6 37. Be8 Qg5 38. Qf8+ Kh7 39. Bf7 Qf4+ 40.
Kh1 1-0

[Event "Scarborough CC Falling Leaves U2000"]
[Site "Toronto CAN"]
[Date "2010.11.25"]
[Round "5"]
[White "Cale, Ferdinand"]
[Black "Karmalkar, Vilas"]
[Result "1-0"]
[WhiteElo "1841"]
[BlackElo "1623"]
[PlyCount "83"]
[EventDate "2010.10.28"]
[EventType "swiss"]
[EventRounds "7"]
[EventCountry "CAN"]

1. d4 d5 2. c4 Nf6 3. cxd5 Qxd5 4. Nc3 Qd8 5. e4 e6 6. Bb5+ c6 7. Be2 Bb4 8.
Bg5 h6 9. Bxf6 Qxf6 10. Bf3 O-O 11. Nge2 Nd7 12. O-O Ba5 13. a3 Bc7 14. e5 Qe7
15. b4 Rb8 16. Ng3 Nb6 17. Qe2 Nd5 18. Bxd5 cxd5 19. Qd2 Bd7 20. Rfc1 Rbc8 21.
Kh1 Qh4 22. Nce2 f5 23. Ng1 f4 24. Nf3 Qg4 25. h3 Qg6 26. Ne2 Qe4 27. Re1 g5
28. Ng3 Qg6 29. Ne2 Ba4 30. Nh2 Bb6 31. Rac1 Bc2 32. Nc3 Bf5 33. Na4 Be4 34. f3
Bc2 35. Nc5 Bxc5 36. bxc5 Ba4 37. Ng4 h5 38. Nf6+ Kg7 39. Qa5 Bc6 40. Qxa7 Ra8
41. Qb6 Rf7 42. Ra1 1-0

[Event "Scarborough CC Falling Leaves U2000"]
[Site "Toronto CAN"]
[Date "2010.11.25"]
[Round "5"]
[White "Huston, Scott"]
[Black "Mesiti, Silvano"]
[Result "0-1"]
[WhiteElo "1719"]
[BlackElo "1682"]
[PlyCount "114"]
[EventDate "2010.10.28"]
[EventType "swiss"]
[EventRounds "7"]
[EventCountry "CAN"]

1. d4 d5 2. c4 Nf6 3. Nf3 Nc6 4. Nc3 e6 5. Bg5 Be7 6. e3 O-O 7. Bd3 dxc4 8.
Bxc4 Nd5 9. Bxe7 Ndxe7 10. O-O Ng6 11. Qe2 Nce7 12. Rfd1 Nd5 13. h4 Nxc3 14.
bxc3 Nxh4 15. g3 Ng6 16. Kg2 Qf6 17. Rh1 b6 18. e4 Bb7 19. Nd2 Qg5 20. Kf1 Qa5
21. Rc1 Qg5 22. Rh5 Qe7 23. Qg4 c5 24. Nb3 cxd4 25. Nxd4 Rac8 26. Bb3 Rc5 27.
Rh2 Qg5 28. Qxg5 Rxg5 29. f3 Rxg3 30. Kf2 Rg5 31. Bxe6 Nf4 32. Bc4 Rc5 33. Bf1
Rfc8 34. Ke3 Ng6 35. Kd3 Ne5+ 36. Kd2 Rd8 37. Ke3 Rdc8 38. Rhc2 g6 39. Nb5 a6
40. Nd6 R8c7 41. Nxb7 Rxb7 42. Bxa6 Ra7 43. Be2 Rca5 44. f4 Nd7 45. Bc4 Rh5 46.
e5 Rh3+ 47. Ke4 Rh4 48. Rf1 Kf8 49. Kd5 Ke7 50. f5 Ra5+ 51. Kc6 Rxc4+ 52. Kb7
Rxe5 53. fxg6 hxg6 54. Rcf2 f6 55. Rh2 Kd6 56. Rh7 Rc7+ 57. Ka8 Re8# 0-1